[Event "Mar del Plata 1st Cat RAM"]
[Site "Mar del Plata"]
[Date "2019.11.15"]
[Round "7"]
[White "Olmos, Cesar"]
[Black "Isaac, Walter"]
[Result "1/2-1/2"]
[WhiteElo "1751"]
[BlackElo "1738"]
[PlyCount "83"]
[EventDate "2019.11.05"]
[EventType "tourn"]
[EventRounds "13"]
[EventCountry "ARG"]
[SourceTitle "EXT 2021"]
[Source "ChessBase"]
[SourceDate "2020.10.23"]
[SourceVersion "1"]
[SourceVersionDate "2020.10.23"]
[SourceQuality "1"]

1. d4 d5 2. c4 c6 3. Nf3 Nf6 4. Qc2 e6 5. Bf4 Bd6 6. e3 Bxf4 7. exf4 dxc4 8. Qxc4 Nd5 9. g3 b6 10. Qa4 0-0 11. Nc3 a5 12. Be2 Bb7 13. 0-0 Nxf4 14. gxf4 Qf6 15. d5 exd5 16. Qd4 Qd6 17. Qe5 Qd8 18. Bd3 Re8 19. Bxh7+ Kf8 20. Qg5 Qxg5+ 21. Nxg5 g6 22. Rfe1 Nd7 23. f5 Kg7 24. fxg6 fxg6 25. Re3 Nf6 26. Rae1 d4 27. Re7+ Rxe7 28. Rxe7+ Kh6 29. Nce4 Nxe4 30. Nxe4 Ba6 31. Re6 Kxh7 32. Rxc6 Rb8 33. Rd6 d3 34. f3 Kg7 35. Kf2 Rc8 36. Nc3 a4 37. Rd7+ Kh6 38. Ra7 a3 39. bxa3 Rxc3 40. Rxa6 Rc2+ 41. Ke1 Rxa2 42. Rxb6 1/2-1/2

[Event "Mar del Plata 1st Cat RAM"]
[Site "Mar del Plata"]
[Date "2019.11.08"]
[Round "3"]
[White "Cuello Alcaria, Juan Ignacio"]
[Black "Isaac, Walter"]
[Result "1/2-1/2"]
[WhiteElo "1976"]
[BlackElo "1738"]
[PlyCount "83"]
[EventDate "2019.11.05"]
[EventType "tourn"]
[EventRounds "13"]
[EventCountry "ARG"]
[SourceTitle "EXT 2021"]
[Source "ChessBase"]
[SourceDate "2020.10.23"]
[SourceVersion "1"]
[SourceVersionDate "2020.10.23"]
[SourceQuality "1"]

1. d4 d5 2. c4 c6 3. Nf3 e6 4. b3 Nf6 5. g3 Be7 6. Bg2 Nbd7 7. Qc2 b6 8. 0-0 0-0 9. Nbd2 Re8 10. Bb2 Ba6 11. Rfe1 Rc8 12. e4 dxe4 13. Nxe4 Nxe4 14. Qxe4 Bf6 15. Rad1 Qc7 16. h4 g6 17. Ne5 Bb7 18. Qf4 Kg7 19. Bc1 Nxe5 20. dxe5 Be7 21. Rd3 Rcd8 22. Rde3 c5 23. Bxb7 Qxb7 24. Rf3 Bf8 25. Be3 Rd3 26. h5 Kg8 27. Kg2 Red8 28. Qg4 Bg7 29. hxg6 hxg6 30. Qg5 Rd1 31. Re2 R8d7 32. Bf4 Rh1 33. Rd2 Rxd2 34. Bxd2 Rh5 35. Qd8+ Kh7 36. Bf4 Bxe5 37. Bxe5 Rxe5 38. g4 Qe4 39. Kg3 f5 40. Qe7+ Kg8 41. Qe8+ Kg7 42. Qe7+ 1/2-1/2

[Event "Mar del Plata 1st Cat RAM"]
[Site "Mar del Plata"]
[Date "2019.11.07"]
[Round "2"]
[White "Isaac, Walter"]
[Black "Loiterstein, Mariano"]
[Result "0-1"]
[WhiteElo "1738"]
[BlackElo "2009"]
[PlyCount "48"]
[EventDate "2019.11.05"]
[EventType "tourn"]
[EventRounds "13"]
[EventCountry "ARG"]
[SourceTitle "EXT 2021"]
[Source "ChessBase"]
[SourceDate "2020.10.23"]
[SourceVersion "1"]
[SourceVersionDate "2020.10.23"]
[SourceQuality "1"]

1. d4 d5 2. c4 dxc4 3. Nc3 e5 4. d5 Nf6 5. Bg5 Be7 6. Bxf6 Bxf6 7. e4 0-0 8. Bxc4 a6 9. Nf3 Qd6 10. a3 Nd7 11. 0-0 b5 12. Be2 Nb6 13. Rc1 Bd7 14. Qb3 Rac8 15. Rfd1 g6 16. Na2 Na4 17. Nb4 Bg7 18. Nc6 f5 19. Bd3 Bh6 20. exf5 Bxc1 21. Rxc1 Nc5 22. Rxc5 Qxc5 23. d6+ Kg7 24. Ncxe5 Bxf5 0-1

[Event "Marplatense Elo op"]
[Site "Argentina"]
[Date "2018.10.17"]
[Round "5"]
[White "Rossi, Alejandro Oscar"]
[Black "Isaac, Walter"]
[Result "1/2-1/2"]
[WhiteElo "1796"]
[BlackElo "1728"]
[PlyCount "94"]
[EventDate "2018.10.08"]
[EventType "swiss"]
[EventRounds "9"]
[EventCountry "ARG"]
[SourceTitle "CBM 187 Extra"]
[Source "ChessBase"]
[SourceDate "2018.11.04"]
[SourceVersion "1"]
[SourceVersionDate "2018.11.04"]
[SourceQuality "1"]

1. e4 e6 2. d4 d5 3. Nd2 Nf6 4. e5 Nfd7 5. Bd3 c5 6. c3 Nc6 7. Ne2 Qb6 8. Nf3 Be7 9. 0-0 cxd4 10. cxd4 0-0 11. a3 f6 12. Nf4 fxe5 13. Nxe6 e4 14. Nxf8 Nxf8 15. Be2 exf3 16. Bxf3 Be6 17. Re1 Rd8 18. g3 Bf6 19. Be3 Bxd4 20. Qd3 Ne5 21. Bxd4 Qxd4 22. Qe2 Nxf3+ 23. Qxf3 Qf6 24. Qe3 b6 25. b4 d4 26. Qe4 Bc4 27. Rac1 b5 28. a4 a6 29. axb5 axb5 30. Red1 Qe6 31. Rxd4 Rxd4 32. Qxd4 Qe2 33. Qd6 Qf3 34. Rd1 h6 35. Rd4 Qe2 36. Rd1 Be6 37. Rd2 Qe1+ 38. Kg2 Qe4+ 39. Kg1 Bh3 40. Qd5+ Qxd5 41. Rxd5 Bd7 42. f4 Kf7 43. Kf2 Ke6 44. Re5+ Kd6 45. Kf3 Ne6 46. Ke4 Bc6+ 47. Kd3 Nc7 1/2-1/2